| 000 | 00501nam a22001937a 4500 | ||
|---|---|---|---|
| 003 | MPLRDC | ||
| 005 | 20220104191034.0 | ||
| 008 | 210129b ||||| |||| 00| 0 eng d | ||
| 020 | _a978-986-289-025-7 | ||
| 082 | _a719 CCM | ||
| 100 | _a蔡聪明 口述 | ||
| 245 |
_a我是天生狂 _c陈淑玲 等著 |
||
| 250 | _a初版 | ||
| 260 |
_a台湾 _b墨刻出版股份有限公司 _c2011 |
||
| 300 | _b平 | ||
| 490 | _aWALKER 个人旅行: 016 | ||
| 650 | _a世界游记 | ||
| 942 |
_cBK _o719 CCM |
||
| 999 |
_c64064 _d64054 |
||